Normal view
MARC view
- Cuban Americans
Entry Topical Term
001 - CONTROL NUMBER
- control field: 8080
003 - CONTROL NUMBER IDENTIFIER
- control field: NUST
005 - DATE AND TIME OF LATEST TRANSACTION
- control field: 20180105100850.0
008 - FIXED-LENGTH DATA ELEMENTS
- fixed length control field: 180105|| aca||aabn | a|a d
040 ## - CATALOGING SOURCE
- Original cataloging agency: NUST
- Transcribing agency: NUST
150 ## - HEADING--TOPICAL TERM
- Topical term or geographic name entry element: Cuban Americans
- Form subdivision: Fiction.
670 ## - SOURCE DATA FOUND
- Source citation: Work cat.: (NUST)0: Puig Zaldívar, Raquel. 8078, Women don't need to write /, 1998.
